000 00472nam a2200157Ia 4500
008 180423s9999 xx 000 0 und d
040 _aPK-NaQUE
100 _a12ME64
100 _aAli Mustafa shah
245 0 _aComparatives Study of Conventional Air Conditioniner and Chiller Plant for Mechanical Engineering Department Quest Nawabshah
260 _aNawabshah
260 _bQUEST
260 _c2012
300 _a70
700 _aDepartment of Mechanical Engineering
999 _c58522
_d58519